Music Quiz

Random Music or Song Quiz

Bands with 6+ Members Quiz Stats

Quiz not verified by Sporcle

Also try: Rock Band by Font
Challenge
Share
Tweet
Embed
Score 0/22 Timer 05:00
0 Plays Today
Songs Band % Correct
Alone, Barracuda, Crazy On YouHeart
77.9%
Amanda, More Than A Feeling, Foreplay/Long TimeBoston
75.3%
Free Bird, Gimme Three Steps, Smokestack LightningLynyrd Skynyrd
74.4%
Aces High, Number of the Beast, The TrooperIron Maiden
67.1%
Ramblin' Man, Melissa, Midnight RiderThe Allman Brothers Band
57.2%
One Step Closer, Given Up, Leave Out All the RestLinkin Park
49.6%
Duality, Snuff, Before I ForgetSlipknot
49.2%
The Hand That Feeds, Closer, Discipline*Nine Inch Nails
49.2%
Where'd You Go, The Impression That I Get, The Rascal KingThe Mighty Mighty Bosstones
35.1%
Through the Fire and Flames, Fury of the Storm, Heroes of Our TimeDragonForce
29.4%
Green Grass & High Tides, (Ghost) Riders in the Sky, There Goes Another Love SongOutlaws
22.8%
Songs Band % Correct
L'Via L'Viaquez, The Widow, GoliathThe Mars Volta
20%
Push Push Lady Lightning, Pleasure (Pleasure), Night LiesBang Camaro
17.6%
Drunken Lullabies, Float, The Lightning StormFlogging Molly
17.4%
Rooftops (A Liberation Broadcast), Last Train Home, Burn BurnLostProphets
15.3%
Dashboard, Float On, Missed the BoatModest Mouse
11.1%
Infected, Sorrow, IncompleteBad Religion
10.4%
Writing on the Walls, Reinventing Your Exit, Desperate Times Desperate MeasuresUnderoath
8%
Hey John Whats Your Name Again?, Dogs Can Grow Beards All Over, Danger: WildmanThe Devil Wears Prada
5.4%
Ready to Start, Wake Up, We Used to WaitArcade Fire
5.2%
Sun Doesn't Rise, 12 Hundred, Solitaire/UnravelingMushroomhead
4.7%
The Violet Hour, Leaves in the River, Songs of the MagpieSea Wolf
1.4%

You're not logged in!

Compare scores with friends on all Sporcle quizzes.
Sign Up with Email
OR
Log In

You Might Also Like...

Show Comments

Extras

Top Quizzes Today


Score Distribution

Your Account Isn't Verified!

In order to create a playlist on Sporcle, you need to verify the email address you used during registration. Go to your Sporcle Settings to finish the process.